| 000 | 00425nam a22001697a 4500 | ||
|---|---|---|---|
| 003 | OSt | ||
| 005 | 20220126103609.0 | ||
| 008 | 220126b |||||||| |||| 00| 0 eng d | ||
| 020 | _a9780749452421 | ||
| 040 | _cHU | ||
| 082 | _a658 | ||
| 100 |
_aARMSTRONG, MICHAEIL _928667 |
||
| 245 | _aARMSTRONG,S HAND B OOK OF HUMAN RESOURE MANGEENT PRACTICE | ||
| 260 |
_aINDIAN _bLTD _c2009 |
||
| 300 | _a1062 | ||
| 942 |
_2ddc _cBOOKS _n0 |
||
| 999 |
_c27908 _d27908 |
||